15 najbardziej dotkniętych krajów Covid-19 - 25 kwi 2021 - Statystyki

Ogólne statystyki
  • Ten quiz został rozwiązany 49 razy
  • Średni wynik to 14 z 28
Statystyki odpowiedzi
kraj % Poprawnych
Polska
95%
Rosja
88%
Stany Zjednoczone
88%
Hiszpania
83%
Niemcy
83%
Brazylia
73%
Francja
73%
Indie
73%
Włochy
73%
Wielka Brytania
68%
Czechy
56%
Meksyk
56%
Portugalia
56%
Argentyna
54%
Szwecja
49%
Iran
37%
Belgia
34%
Turcja
34%
Holandia
32%
Kolumbia
29%
Chorwacja
27%
Węgry
27%
Litwa
24%
Słowenia
22%
Izrael
17%
Estonia
15%
Panama
10%
Bahrajn
5%
Nie znaleziono quizów pasujących do podanych kryteriów
Rozkład punktacji
Procent ludzi z każdym wynikiem
Percentyl według liczby udzielonych odpowiedzi
Twoja historia wyników
Nie rozwiązałeś tego quizu